[Event "Dagda"]
[Site "http://www.queenalice.com/game.php?id=364455"]
[Date "2008.3.2"]
[Round "2"]
[White "JimMorrisson"]
[Black "DARKQUEEN"]
[Result "1-0"]
[WhiteElo "2216"]
[BlackElo "1511"]

1. e4 e5 2. Nf3 Nf6 3. Nxe5 Nxe4 4. Qe2 d5 5. d3 Nd6 6. Nc6+ Be6 7. Nxd8 Kxd8 8.
Bg5+ Kc8 9. Nc3 f6 10. Qxe6+ Nd7 11. Bf4 d4 12. Nb5 Nxb5 13. Qe8# 1-0

[Event "Got time for a game?"]
[Site "http://www.queenalice.com/game.php?id=370618"]
[Date "2008.3.13"]
[Round "-"]
[White "kudd"]
[Black "DARKQUEEN"]
[Result "1-0"]
[WhiteElo "1552"]
[BlackElo "1464"]

1. e4 e5 2. Nf3 d6 3. Nc3 Nf6 4. Bc4 h6 5. h3 a6 6. b4 Nc6 7. a3 b5 8. Bd3 d5 9.
Nxd5 Nxd5 10. exd5 Qxd5 11. O-O g5 12. Re1 Bb7 13. Be4 Qe6 14. c3 f5 15. Bc2 e4
16. d3 Ne5 17. dxe4 Rd8 18. Qe2 Bg7 19. Qe3 Bxe4 20. Bxe4 fxe4 21. Nxe5 Qxe5 22.
Bb2 Rd3 23. Qa7 O-O 24. Qxa6 Rf6 25. Qc8+ Rf8 26. Qg4 e3 27. Re2 Rf4 28. Qc8+
Rf8 29. Qb7 Rfd8 30. c4 Rd1+ 31. Rxd1 Qe7 32. Rde1 bxc4 33. Rxe3 Qf7 34. Re7 Qg6
35. Bxg7 Qc2 36. Qxc7 Qd3 37. Bf6 c3 38. Re8+ Rxe8 39. Rxe8# 1-0

[Event "Challenge"]
[Site "http://www.queenalice.com/game.php?id=376269"]
[Date "2008.3.24"]
[Round "-"]
[White "dtrainey"]
[Black "DARKQUEEN"]
[Result "1-0"]
[WhiteElo "1524"]
[BlackElo "1490"]

1. c4 e5 2. e4 Nf6 3. Nc3 Bb4 4. Na4 Nxe4 5. Nf3 d6 6. a3 Ba5 7. b4 Bb6 8. Nxb6
axb6 9. b5 Qf6 10. Bd3 Nc5 11. Bb2 Nxd3+ 12. Ke2 1-0

[Event "Challenge"]
[Site "http://www.queenalice.com/game.php?id=376270"]
[Date "2008.3.24"]
[Round "-"]
[White "DARKQUEEN"]
[Black "dtrainey"]
[Result "0-1"]
[WhiteElo "1475"]
[BlackElo "1603"]

1. d4 d5 2. Nf3 Bf5 3. Bf4 Nc6 4. Nc3 a6 5. h3 b5 6. g4 Be4 7. e3 e6 8. a3 h6 9.
Nxe4 dxe4 10. Nd2 Bd6 11. f3 Qh4+ 12. Ke2 Bxf4 13. exf4 Nxd4+ 14. Ke3 c5 15. c3
Nc6 16. Nxe4 Rd8 17. Qc2 Nf6 18. Nxc5 Nxg4+ 19. Ke2 Qf2# 0-1

[Event "Challenge"]
[Site "http://www.queenalice.com/game.php?id=378008"]
[Date "2008.3.27"]
[Round "-"]
[White "DARKQUEEN"]
[Black "mountainmusic2"]
[Result "0-1"]
[WhiteElo "1443"]
[BlackElo "1948"]

1. e4 e5 2. Nc3 d6 3. Nf3 Nf6 4. Bb5+ c6 5. Be2 Bg4 6. Nh4 Nxe4 7. Nxe4 Bxe2 8.
Qxe2 Qxh4 9. O-O d5 10. g3 Qe7 11. Nc3 d4 12. Ne4 f5 13. Qh5+ g6 14. Qg5 fxe4
15. Qg4 Bg7 16. Qxe4 O-O 17. Re1 Qf7 18. Re2 Nd7 19. b3 Nc5 20. Qg2 d3 21. cxd3
a5 22. Bb2 Nxd3 23. Bc3 a4 24. b4 a3 25. Qe4 Nxf2 26. Qe3 Ng4 27. Qe4 Qf3 28.
Rf1 Qxf1# 0-1

[Event "cowgirl"]
[Site "http://www.queenalice.com/game.php?id=380518"]
[Date "2008.4.1"]
[Round "1"]
[White "DARKQUEEN"]
[Black "LadyAndrea"]
[Result "0-1"]
[WhiteElo "1445"]
[BlackElo "1755"]

1. c4 e5 2. e4 c6 3. Nf3 d6 4. d3 h6 5. b3 Nf6 6. Nc3 Bg4 7. h3 Bxf3 8. Qxf3 Be7
9. Bb2 Nbd7 10. O-O-O a6 11. Ne2 c5 12. Qe3 b5 13. g3 Qa5 14. Kb1 Nb6 15. Bc3 b4
16. Bd2 Nbd7 17. Bg2 Qb6 18. g4 a5 19. Ng3 a4 20. g5 Ng8 21. Nf5 Bxg5 22. Qf3
axb3 23. axb3 Qa6 24. Nxd6+ Qxd6 25. h4 Bxd2 26. Rxd2 Ra3 27. Kb2 Qd4+ 28. Kc2
Qc3+ 29. Kd1 Qxb3+ 30. Ke2 Qc3 31. Bh3 Ngf6 32. Qg3 Nh5 33. Qg4 Nf4+ 34. Ke3
Qd4+ 35. Kf3 Rxd3+ 36. Rxd3 Qxd3# 0-1

[Event "Challenge"]
[Site "http://www.queenalice.com/game.php?id=380613"]
[Date "2008.4.1"]
[Round "-"]
[White "Tlaloc2k"]
[Black "DARKQUEEN"]
[Result "1-0"]
[WhiteElo "1618"]
[BlackElo "1452"]

1. d4 d5 2. f4 Nc6 3. e3 Nf6 4. Bd3 Bg4 5. Be2 h5 6. h3 Bf5 7. Nf3 Ne4 8. c3 Ng3
9. Rh2 Qd6 10. Nbd2 f6 11. Kf2 Ne4+ 12. Nxe4 Bxe4 13. b4 Bxf3 14. Bxf3 e5 15. a4
a6 16. Ba3 e4 17. Be2 g5 18. Bxh5+ Kd8 19. b5 Qd7 20. Bg4 f5 21. bxc6 bxc6 22.
Be2 Bh6 23. Bb4 a5 24. Bc5 Qg7 25. c4 Kd7 26. cxd5 cxd5 27. Bb5+ c6 28. Be2 gxf4
29. Rb1 fxe3+ 30. Ke1 Qg3+ 31. Kf1 Qxh2 32. Bh5 Rhg8 33. Rb7+ Kc8 34. Bg4 Kxb7
35. Qb3+ Kc7 36. Qb6+ Kc8 37. Bxf5# 1-0

[Event "Challenge"]
[Site "http://www.queenalice.com/game.php?id=388898"]
[Date "2008.4.16"]
[Round "-"]
[White "TomTheKing"]
[Black "DARKQUEEN"]
[Result "1-0"]
[WhiteElo "1338"]
[BlackElo "1445"]

1. e4 e5 2. d4 Qf6 3. Be3 Nc6 4. Nf3 d6 5. Bg5 Qg6 6. dxe5 Qxe4+ 7. Be2 Bg4 8.
Nc3 Qf5 9. Bd3 Qe6 10. Nb5 Qd7 11. h3 Bxf3 12. Qxf3 dxe5 13. Bf5 Bb4+ 14. c3
Bxc3+ 15. bxc3 Qxf5 16. Qxf5 g6 17. Qe4 Kf8 18. O-O-O f5 19. Qc4 h6 20. Qc5+
Nge7 21. Rd7 b6 22. Bxe7+ Ke8 23. Qxc6 Kf7 24. Bd8+ Kf8 25. Qf6+ Ke8 26. Qe7#
1-0

[Event "Dagda"]
[Site "http://www.queenalice.com/game.php?id=396163"]
[Date "2008.5.1"]
[Round "4"]
[White "DARKQUEEN"]
[Black "sergiomaia"]
[Result "0-1"]
[WhiteElo "1441"]
[BlackElo "1747"]

1. e4 d5 2. exd5 Qxd5 3. c4 Qe4+ 4. Ne2 Qxc4 5. Nec3 Qe6+ 6. Be2 c6 7. O-O Nf6
8. h3 h6 9. Re1 Qd7 10. f3 Nd5 11. Bc4 Nxc3 12. Nxc3 Qd4+ 13. Kh1 Qxc4 14. Re4
Qd3 15. Ne2 Bxh3 16. Nf4 Bxg2+ 17. Kxg2 Qd6 18. d3 Na6 19. a3 Nc5 20. Rb4 a5 21.
Rc4 b5 22. Rc2 Rd8 23. Rd2 Qxf4 24. b4 axb4 25. axb4 Qg5+ 26. Kf2 Na4 27. Rc2
Qh4+ 28. Ke2 Qxb4 29. Bd2 Qd6 30. Rb1 Qxd3+ 31. Kf2 e5 32. Rxc6 Qxd2+ 33. Qxd2
Rxd2+ 34. Ke3 Rd5 35. Ke4 Rc5 36. Ra6 Nc3+ 0-1

[Event "Always a..."]
[Site "http://www.queenalice.com/game.php?id=411542"]
[Date "2008.6.1"]
[Round "-"]
[White "DARKQUEEN"]
[Black "Tlaloc2k"]
[Result "0-1"]
[WhiteElo "1427"]
[BlackElo "1648"]

1. d4 e6 2. e4 d5 3. e5 Nc6 4. Nf3 h6 5. a3 g5 6. Bb5 Bd7 7. Nbd2 a6 8. Bd3 g4
9. Nb3 gxf3 10. Qxf3 Nce7 11. Nc5 Bc6 12. Qh5 Bd7 13. Nxb7 Qc8 14. Nc5 Nc6 15.
Be3 Bxc5 16. dxc5 Qb7 17. b4 Nge7 18. f4 d4 19. Bf2 Ng8 20. g4 O-O-O 21. Rb1
Nce7 22. Kd2 Be8 23. Bh4 c6 24. g5 Ng6 25. f5 exf5 26. Bxf5+ Kc7 27. Bg3 Kb8 28.
e6+ Ka7 29. exf7 Qxf7 30. Rhf1 hxg5 31. Qxg5 Rd5 32. Qg4 Nh6 33. Bxg6 Nxg4 34.
Bxf7 Bxf7 35. Rxf7+ Ka8 36. Ra1 Ne5 37. Re7 Nc4+ 38. Kd3 Ne3 39. c4 Rdd8 40. a4
Rh3 41. Be5 Nf5+ 42. Ke4 Nxe7 43. b5 Re3+ 44. Kf4 Re2 45. bxc6 Ng6+ 46. Kf3 Re3+
47. Kf2 Rxe5 48. Rg1 Rf8+ 49. Kg2 Rxc5 50. h4 Rg8 51. Kh3 Rxc4 52. h5 Nf4+ 53.
Kh4 Rxg1 54. h6 Rxc6 55. h7 Rh6# 0-1

[Event "Challenge"]
[Site "http://www.queenalice.com/game.php?id=418737"]
[Date "2008.6.16"]
[Round "-"]
[White "luiz_gustavo"]
[Black "DARKQUEEN"]
[Result "1-0"]
[WhiteElo "1691"]
[BlackElo "1433"]

1. e4 e5 2. Nf3 d6 3. Nc3 Bg4 4. h3 Bh5 5. Be2 a6 6. d3 b5 7. O-O h6 8. Be3 c6
9. d4 Bxf3 10. Bxf3 Be7 11. d5 c5 12. a3 Nd7 13. b4 c4 14. Bg4 Ndf6 15. a4 h5
16. Bf3 Nh7 17. Bxh5 g6 18. Bf3 a5 19. axb5 axb4 20. Rxa8 Qxa8 21. Nb1 Nhf6 22.
Nd2 c3 23. Nc4 Nd7 24. Qa1 Qb7 25. Qa4 Nc5 26. Qxb4 Nf6 27. Na5 Qb6 28. Bxc5
dxc5 29. Qa4 Nd7 30. Nc6 f6 31. Qa8+ Bd8 32. Nxd8 Nb8 33. Ne6 Qxb5 34. Nc7+ 1-0

[Event "Challenge"]
[Site "http://www.queenalice.com/game.php?id=418738"]
[Date "2008.6.16"]
[Round "-"]
[White "DARKQUEEN"]
[Black "luiz_gustavo"]
[Result "0-1"]
[WhiteElo "1420"]
[BlackElo "1719"]

1. e4 e5 2. Nc3 Nf6 3. Bb5 a6 4. Bc4 Nc6 5. d3 Bb4 6. a3 Ba5 7. Bg5 h6 8. Be3
Ne7 9. b4 Bb6 10. Bxb6 cxb6 11. Nf3 d6 12. O-O Bg4 13. h3 Bh5 14. Re1 b5 15. Bb3
Rc8 16. Qd2 Bxf3 17. gxf3 O-O 18. Ne2 Nc6 19. Ng3 Nd4 20. Nf5 Nxf3+ 21. Kg2 Nxd2
22. Ba2 Rxc2 23. Ne3 Rc3 24. Bb1 Nxb1 25. Raxb1 Rxd3 26. Rg1 Nxe4 27. Kf3 Ng5+
28. Ke2 Rxa3 29. h4 Ra2+ 30. Ke1 Nf3+ 31. Kf1 Nd2+ 32. Kg2 Nxb1 33. Kh3 Rxf2 34.
Kg3 Rb2 35. Nd5 Rb3+ 36. Kg4 f5+ 37. Kh5 Qe8+ 38. Rg6 Rg3 39. Nc7 Qxg6# 0-1

[Event "Challenge"]
[Site "http://www.queenalice.com/game.php?id=428703"]
[Date "2008.7.6"]
[Round "-"]
[White "JellyInc"]
[Black "DARKQUEEN"]
[Result "0-1"]
[WhiteElo "1373"]
[BlackElo "1416"]

1. e4 e5 2. d3 Nc6 3. Nf3 h6 4. Nc3 Nf6 5. b3 Bb4 6. Bb2 Nd4 7. Nxe5 d6 8. Nc4
Bc5 9. Qd2 Ng4 10. Ne3 b5 11. h3 Nxe3 12. Qxe3 Nxc2+ 13. Kd2 Nxe3 14. fxe3 Qg5
15. Nd5 Bb6 16. Be2 O-O 17. Rhg1 c6 18. Nf4 g6 19. b4 Re8 20. h4 Qg3 21. d4 d5
22. e5 a5 23. Rge1 axb4 24. Rac1 Bd7 25. Rf1 Rxa2 26. Rc2 b3 27. Ra1 Ba5+ 28.
Kd3 Bf5# 0-1

[Event "Challenge"]
[Site "http://www.queenalice.com/game.php?id=445013"]
[Date "2008.8.7"]
[Round "-"]
[White "DARKQUEEN"]
[Black "edsonholanda"]
[Result "0-1"]
[WhiteElo "1417"]
[BlackElo "1643"]

1. d4 d5 2. Nc3 Nf6 3. Nf3 e6 4. Ne5 Bb4 5. Bd2 Bxc3 6. Bxc3 O-O 7. e3 Bd7 8. g3
Ne4 9. Bg2 Nxc3 10. bxc3 Nc6 11. O-O Nxe5 12. dxe5 f6 13. f4 fxe5 14. fxe5 Rxf1+
15. Qxf1 Qf8 16. Qd3 a6 17. Rf1 Qa3 18. Ra1 Bb5 19. e4 Bxd3 0-1